| 000 | 01580cam a22003131i 4500 | ||
|---|---|---|---|
| 003 | SA-RiAUC | ||
| 005 | 20250803070207.0 | ||
| 008 | 250722s1982 xx g b f00100 ara c | ||
| 040 |
_aSA-JeALM _bara _cSA-RiAUC _erda |
||
| 082 | 0 | 4 |
_a258.3 _qSA-RiAUC |
| 090 |
_a258.3 _bز ر ك |
||
| 100 | 1 |
_aالزركشي، محمد بن بهادر بن عبد الله، _d745-794 هجري _eمؤلف. |
|
| 245 | 1 | 0 |
_aخبايا الزوايا / _cبدر الدين محمد بن بهادر بن عبد الله الزركشي ؛ حققه عبد القادر عبد الله العاني ؛ راجعه عبد الستار أبو غدة. |
| 250 | _aالطبعة الأولى. | ||
| 264 | 1 |
_aالكويت : _bوزارة الأوقاف والشؤون الإسلامية، _c1982 |
|
| 300 |
_a558 صفحة ؛ _c24 سم |
||
| 336 |
_aنص _btxt _2rdacontent _3كتاب |
||
| 337 |
_aبدون وسيط _bn _2rdamedia |
||
| 338 |
_aمجلد _bnc _2rdacarrier |
||
| 490 |
_aاعمال موسوعية مساعدة . تحقيق التراث الفقهي _v2 |
||
| 504 | _aببليوجرافية : صفحة 514-524. | ||
| 650 | 7 |
_aالفقه الشافعي _2aucsh |
|
| 700 | 1 |
_aأبو غدة، عبد الستار، _d1940-2020 _eمراجع. |
|
| 700 | 1 |
_aالعاني، عبد القادر عبد الله _eمحقق. |
|
| 700 | 1 | 2 |
_iتحقيق لـ (عمل) : _aالزركشي، محمد بن بهادر بن عبد الله، _d745-794 هجري. _tخبايا الزوايا. |
| 942 |
_2ddc _cBOOK _n0 |
||
| 949 |
_aSA-JeALM _d250722 _uosman123 _n1 |
||
| 999 |
_c10488 _d10488 |
||